Design and Optimization of Cooperative Diversity in wireless Sensor Networks (Record no. 9193)

000 -LEADER
fixed length control field 00560 a2200145 4500
082 ## - DEWEY DECIMAL CLASSIFICATION NUMBER
Classification number BICSE-1
100 ## - MAIN ENTRY--PERSONAL NAME
Personal name Waqas Bukhari
9 (RLIN) 92837
245 ## - TITLE STATEMENT
Title Design and Optimization of Cooperative Diversity in wireless Sensor Networks
Statement of responsibility, etc. Waqas Bukhari
260 ## - PUBLICATION, DISTRIBUTION, ETC.
Place of publication, distribution, etc. Isalamabad,
Name of publisher, distributor, etc. NUST School of Electrical Engineering & Computer Science,
Date of publication, distribution, etc. 2007.
300 ## - PHYSICAL DESCRIPTION
Extent x, 77 p. :
Other physical details ill. ;
Dimensions 27 cm. +
Accompanying material CD-ROM
500 ## - GENERAL NOTE
General note Supervisors : Dr. Arshad Ali, Dr. Syed Ali Khayam.
563 ## - BINDING INFORMATION
Binding note HB
856 ## - ELECTRONIC LOCATION AND ACCESS
Uniform Resource Identifier <a href="http://10.250.8.41:8080/xmlui/handle/123456789/8487">http://10.250.8.41:8080/xmlui/handle/123456789/8487</a>
942 ## - ADDED ENTRY ELEMENTS (KOHA)
Koha item type Project Report
Call number prefix BICSE-1 WAQ
Source of classification or shelving scheme
Holdings
Withdrawn status Lost status Source of classification or shelving scheme Damaged status Not for loan Permanent Location Current Location Shelving location Date acquired Full call number Barcode Date last seen Price effective from Koha item type
WITHDRAWN         Central Library (CL) Central Library (CL) Thesis 07/05/2022 BICSE-1 WAQ SEECSP00034 11/14/2012 11/14/2012 Thesis
WITHDRAWN         Central Library (CL) Central Library (CL) Thesis 10/27/2020 004 CL-BP-541 10/27/2020 10/27/2020 Project Report
© 2023 Central Library, National University of Sciences and Technology. All Rights Reserved.